000 00518nam a22001817a 4500
005 20251108171915.0
008 250721s2001 xx 000 0 ara d
082 1 4 _a303.625/هيل
100 1 _aهيلات، عبد الله خليل
245 1 0 _aالإرهاب النووي الصهيوني /
264 1 _aعمان :
_bالمؤلف،
_c2001.
300 _a119ص.
650 1 7 _aالإرهاب
650 1 7 _aالصهيونية
650 1 7 _aالأسلحة النووية
942 _2ddc
_cBK
999 _c65680
_d65680